000 01303nam a2200265 a 4500
001 000040618
005 20201002034245.0
008 130904s2008 sp 000 0 spa d
020 _a9788484893783
040 _aDO-SdBNP
_bspa
_BNPHU
245 0 0 _aHistoria de Ahila :
_bperfil de la Asociación de Historiadores Latinoamericanistas Europeos (1969-2008) /
_cLaura Giraudo ; con textos de Magnus Mörner, Adam Anderle y John Fisher, y entrevista a Francisco Morales Padrón.
260 _aMadrid :
_bIberoamericana ; Frankfurt am Main : Vervuert,
_c2008.
300 _a210 p. ;
_c22 cm.
490 1 _aEstudios de historia de latinoamericana
490 1 _aEstudios Ahila
500 _aEstudios Ahila de Historia Latinoamericana es la continuación de Cuadernos de Historia Latinoamericana (AHILA) En portada: Asociación de Historiadores Latinoamericanistas Europeos
504 _aIncluye referencias bibliográficas y notas al pie de las páginas
700 1 _aMörner, Magnus
_966960
700 1 _aAnderle, Adam
_966961
700 1 _aFisher, John Robert
_d1946-
_966962
700 1 _aMorales Padrón, Francisco
_915719
710 2 _aAsociación de Historiadores Latinoamericanistas Europeos
_966963
830 0 _aEstudios de historia de latinoamericana
_966964
830 0 _aEstudios Ahila
_966965
999 _c40108
_d40108